000 00676nam a22001815i 4500
001 176665
003 ES-MaACL
005 20230906220145.0
008 110131s2008 sp af |||| | spa d
020 _a978-84-9873-008-1
080 _a929.71(460.27 M.)
245 0 0 _aCrónica de la llave de oro de la Villa de Madrid /
_c[dirección: Ana Román Martín].
260 _aMadrid :
_bAyuntamiento de Madrid, Oficina de Estrategia y Acción Internacional "Madrid Global",
_cD. L. 2008.
300 _a334 p. :
_bil. col. y n. ;
_c31 cm.
610 1 4 _aMadrid.
_bAyuntamiento-
_xCondecoraciones.
_9144948
700 1 _aRomán Martín, Ana.
_9144947
852 _aES-MaACL
_jE-14135
999 _c176665
_d176665